000 00628nam a2200205 u 4500
005 20240228064048.0
008 121008s2007 r 000 0 eng d
020 _a9788484524946
035 _aUPN01000187239
049 _aI
050 4 _aPZ74.9
_bS6.3
100 1 _aSmith, Chris,
_d1947-
_933900
245 1 0 _aUna ciudad, dos hermanos /
_cChris Smith ; il. Aurélia Fronty ; tr. Fina Marfa.
260 _aBarcelona, Esp. :
_bIntermón Oxfam,
_c2007.
300 _a[32] p. :
_bil. col.
650 4 _aLibros y lectura para niños
_92290
650 4 _aRelaciones de familia
_96077
905 _aInfantil
999 _c159342
_d159342